000 00512nam a22001937a 4500
003 OSt
005 20140310182924.0
008 130130t xxu||||| |||| 00| 0 eng d
050 _aPL 5533.63
_b.V54 2010
082 _aFIL 808.81
_b.V54 2010
245 _aMelancholies
_bJose Palma's Collection of Poems
260 _aManila
_bOld Gold Publishing
_cc2010
300 _axxvii, 135 p.
_c19 cm.
521 _acollege students
526 _c1210L-1700L
562 _e1
942 _2lcc
_cBK
_kFIL
999 _c17391
_d17391